Key Scottish environment statistics 2011 (Record no. 112708)
[ view plain ]
| 000 -LEADER | |
|---|---|
| fixed length control field | 01417cad a22002655a 4500 |
| 001 - CONTROL NUMBER | |
| control field | E153804 |
| 008 - FIXED-LENGTH DATA ELEMENTS--GENERAL INFORMATION | |
| fixed length control field | 110906s2011 xxk f s s000 0 eng d |
| 020 ## - INTERNATIONAL STANDARD BOOK NUMBER | |
| International Standard Book Number | 9781780453774 |
| 035 ## - SYSTEM CONTROL NUMBER | |
| System control number | (Sirsi) u153804 |
| 041 0# - LANGUAGE CODE | |
| Language code of text/sound track or separate title | eng |
| 050 04 - LIBRARY OF CONGRESS CALL NUMBER | |
| Classification number | 333.72 $2 18 |
| 110 2# - MAIN ENTRY--CORPORATE NAME | |
| Corporate name or jurisdiction name as entry element | National Statistics |
| 9 (RLIN) | 5785 |
| 245 00 - TITLE STATEMENT | |
| Title | Key Scottish environment statistics 2011 |
| Medium | [electronic resource] |
| 250 ## - EDITION STATEMENT | |
| Edition statement | 11th ed. |
| 260 ## - PUBLICATION, DISTRIBUTION, ETC. | |
| Place of publication, distribution, etc. | Edinburgh |
| Name of publisher, distributor, etc. | Scottish Government |
| Date of publication, distribution, etc. | 2011 |
| 505 2# - FORMATTED CONTENTS NOTE | |
| Formatted contents note | Background -- Public attitudes -- Global atmosphere -- Air quality -- Water -- Marine -- Radioactivity -- Waste -- Land -- Conservation -- Biodiversity |
| 520 ## - SUMMARY, ETC. | |
| Summary, etc. | Sets out key data on various aspects of the environment in Scotland. Focuses where possible on trends over time, and provides background information on environmental impacts and relevant legislation. The publication is accompanied by a continuously updated internet database which also provides additional statistical information. The database can be accessed from the link below. |
| 521 ## - TARGET AUDIENCE NOTE | |
| Target audience note | Advanced |
| 590 ## - LOCAL NOTE (RLIN) | |
| Local note | KA |
| 651 #4 - SUBJECT ADDED ENTRY--GEOGRAPHIC NAME | |
| Geographic name | Scotland |
| Chronological subdivision | 1999- |
| 690 ## - LOCAL SUBJECT ADDED ENTRY--TOPICAL TERM (OCLC, RLIN) | |
| Topical term or geographic name as entry element | Environment |
| 9 (RLIN) | 6238 |
| 856 40 - ELECTRONIC LOCATION AND ACCESS | |
| Uniform Resource Identifier | <a href="https://www.scotland.gov.uk/Publications/2011/09/05154117/0">https://www.scotland.gov.uk/Publications/2011/09/05154117/0</a> |
| Public note | View the report free of charge at www.scotland.gov.uk |
| 856 40 - ELECTRONIC LOCATION AND ACCESS | |
| Uniform Resource Identifier | <a href="https://www.scotland.gov.uk/Topics/Statistics/Browse/Environment/seso">https://www.scotland.gov.uk/Topics/Statistics/Browse/Environment/seso</a> |
| Public note | View the internet database free of charge at www.scotland.gov.uk |
| 942 ## - ADDED ENTRY ELEMENTS (KOHA) | |
| Suppress in OPAC | 0 |
| Withdrawn status | Lost status | Source of classification or shelving scheme | Damaged status | Not for loan | Home library | Current library | Shelving location | Date acquired | Total Checkouts | Full call number | Barcode | Date last seen | Copy number | Price effective from | Koha item type |
|---|---|---|---|---|---|---|---|---|---|---|---|---|---|---|---|
| Dewey Decimal Classification | Virtual | Virtual | Online | 06/09/2011 | ONLINE PUBLICATION | 153804-1001 | 06/08/2019 | 1 | 06/08/2019 | Book |